000 00235nam a22000857a 4500
008 160922b xxu||||| |||| 00| 0 eng d
100 _9708
_aRangarajan.R.etal
245 _aTogether with Science-X
260 _aNew Delhi
_bR.S Publications
_c2009
999 _c3365
_d3365